Perfil metodológico de un profesor de educación secundaria : un estudio de caso (Record no. 122714)

MARC details
000 -CABECERA
campo de control de longitud fija 00705nab a2200241 a 4500
005 - FECHA Y HORA DE LA ÚLTIMA TRANSACCIÓN
campo de control 20210219155714.0
008 - ELEMENTOS DE LONGITUD FIJA--INFORMACIÓN GENERAL
campo de control de longitud fija 991125s1985 mx 000 0 spa u
035 ## - NÚMERO DE CONTROL DEL SISTEMA
Número de control de sistema UPN01000150573
100 1# - ASIENTO PRINCIPAL--NOMBRE PERSONAL
Nombre de persona Wamba Aguado, Ana María
222 #0 - TÍTULO CLAVE
Título clave INVESTIGACION EN LA ESCUELA
245 00 - MENCIÓN DE TÍTULO
Título Perfil metodológico de un profesor de educación secundaria : un estudio de caso
260 ## - PUBLICACIÓN, DISTRIBUCIÓN, ETC.
Lugar de publicación, distribución, etc. Sevilla, España
300 ## - DESCRIPCIÓN FÍSICA
Extensión 89-97
362 0# - FECHAS DE PUBLICACIÓN Y/O DESIGNACIÓN SECUENCIAL
Fecha de publicación y/o designación secuencial 2000 No. 42
653 0# - TERMINO DE INDIZACION - NO CONTROLADO
Término no controlado PRACTICA DOCENTE
653 0# - TERMINO DE INDIZACION - NO CONTROLADO
Término no controlado ESTRATEGIAS DE ENSEÑANZA
653 0# - TERMINO DE INDIZACION - NO CONTROLADO
Término no controlado CONOCIMIENTO CIENTIFICO
700 1# - ASIENTO SECUNDARIO--NOMBRE DE PERSONAL
Nombre de persona Jiménez Pérez, Roque,
700 1# - ASIENTO SECUNDARIO--NOMBRE DE PERSONAL
Filiación coaut.
700 1# - ASIENTO SECUNDARIO--NOMBRE DE PERSONAL
Nombre de persona García Diáz, J. Eduardo,
700 1# - ASIENTO SECUNDARIO--NOMBRE DE PERSONAL
Filiación coaut.
905 ## - TIPO DE MATERIAL
Tipo de material Articulo

No items available.